L'état

Guardat en:
Dades bibliogràfiques
Autor principal: Ozer, Atila (auteur)
Format: Llibre
Idioma:espanyol
Publicat: París Flammarion 1998
Col·lecció:GF, 3003
Matèries:
Etiquetes: Afegir etiqueta
Sense etiquetes, Sigues el primer a etiquetar aquest registre!

MARC

LEADER 00000nam a2200000 a 4500
001 UCN7265
003 CL-VaPUC
008 011012e19980000FR |||||||||||||||||spa|d
082 0 4 |a 320.101  |b OZE  |2 21 
100 |a Ozer, Atila  |e auteur  |9 463137 
245 1 2 |a L'état 
300 |a 256 p 
942 |c BK 
945 |d 20011012 00:00:00  |a crobeson 
260 |a París  |b Flammarion  |c 1998 
650 0 |a Teoría del Estado  |9 255507 
650 7 |a TEORIAS POLITICAS  |2 CL-VaPUC  |9 322379 
650 0 |a Filosofía social y política   |9 455818 
650 0 |a Contrato social  |9 308917 
650 7 |a ESENCIALISMO  |2 CL-VaPUC  |9 463138 
650 0 |a Estado de derecho  |9 257795 
583 |a last modification  |c 20011012 00:00:00  |k Rodrigo Vera 
490 0 |a GF, 3003 
999 |c 297665  |d 297663 
952 |0 0  |1 0  |4 0  |6 320_101000000000000_OZE_1998  |7 0  |8 A  |9 352588  |a BIBHIS  |b BIBHIS  |d 2019-11-21  |i 3743632  |o 320.101 OZE 1998  |p 3743632  |r 2025-01-20  |w 2019-11-21  |y BK  |k HIS